| 000 | 00488nam a2200169 a 4500 | ||
|---|---|---|---|
| 005 | 20140310183441.0 | ||
| 008 | 080804s19uu xx 00 eng d | ||
| 050 |
_aRC 607 _b.P967 2000 |
||
| 245 |
_aProtection of life : _byour questions answered on HIV/AIDS / |
||
| 260 |
_aPapua New Guinea : _bDepartment of Health, _c2000. |
||
| 300 |
_a39 p. : _c20 cm. |
||
| 440 | _aNew Horizons in Health | ||
| 521 | _aNUR | ||
| 650 | _aAIDS (disease). | ||
| 942 |
_cBK _2lcc _kFOR |
||
| 999 |
_c23130 _d23130 |
||